| 000 | 00371 a2200145 4500 | ||
|---|---|---|---|
| 001 | 166361 | ||
| 020 | _a | ||
| 040 | _cMagnum | ||
| 100 | _aHoffmann, Jussara Maria Lerch | ||
| 240 | 1 | 0 |
_aPontos e contrapontos: do pensar ao agir em avaliacao _lpor |
| 245 | 1 | 0 | _aPontos e contrapontos: do pensar ao agir em avaliacao |
| 362 | 0 | _a1899 | |
| 697 | _aENSINO | ||
| 942 | _cBK | ||
| 999 |
_c166361 _d166361 |
||